00880nam a2200193 a 450000100100000000500170001000800410002704000250006808200190009310000320011224501290014426000380027330000210031156300620033270000350039495201170042995201230054699900170066900002595720200930024201.0110224s1965 xx 000 0 eng d aDO-SdBNPbengcBNPHU axxxxxxbxxxxxx1 aWilliams, Tennessee.95283410aSweet bird of youlth ; A streetcar named desire ; The glass menagerie /cTennessee Williams ; edición de E. Martin Browne. aNew York :bPenguin Books,c1965. a313 p. ;c18 cm. aTres obras encuadernadas juntas con paginación continua1 aBrowne, E. Martin,eed.952835 001050718MOaGRbGRcHDd2011-02-24iLF1l0oxxxxxx xxxxxxp25957-10r2020-06-25w2020-06-25y1ZNo se presta 001150718MOaGRbGRcMId2017-06-02iLF1l0oxxxxxx xxxxxxp25957-20r2020-06-25te. 2w2020-06-25y1ZNo se presta c25449d25449